Deterring fraud by informing the public round table on anti-fraud communication
Salvato in:
| Ente Autore: | |
|---|---|
| Natura: | Libro |
| Lingua: | inglese |
| Pubblicazione: |
Luxembourg
Office for Official Publications of the European Communities
2009
|
| Edizione: | 3rd ed. |
| Soggetti: | |
| Tags: |
Nessun Tag, puoi essere il primo ad aggiungerne!!
|
MARC
| LEADER | 00000nam$a2200000$$$4500 | ||
|---|---|---|---|
| 001 | 0104906 | ||
| 005 | 20240318114222.0 | ||
| 020 | |a 978-92-79-06047-2 | ||
| 041 | 0 | |a eng | |
| 044 | |a LU | ||
| 245 | 1 | 0 | |a Deterring fraud by informing the public |b round table on anti-fraud communication |
| 250 | |a 3rd ed. | ||
| 264 | 1 | |a Luxembourg |b Office for Official Publications of the European Communities |c 2009 | |
| 300 | |a 428 s. | ||
| 610 | 2 | 0 | |a integrácia ekonomická medzinárodná |
| 610 | 2 | 0 | |a spolupráca medzinárodná |
| 610 | 2 | 0 | |a parlamenty |
| 610 | 2 | 0 | |a politika finančná |
| 610 | 2 | 0 | |a podvody |
| 610 | 2 | 0 | |a kontrola ekonomická |
| 610 | 2 | 0 | |a kontrola finančná |
| 610 | 2 | 0 | |a bezpečnosť ekonomická |
| 610 | 2 | 0 | |a bezpečnosť európska |
| 610 | 2 | 0 | |a médiá |
| 610 | 2 | 0 | |a Európska únia |
| 710 | 2 | |a European Anti-Fraud Office (OLAF) | |